000 00328nam a2200133Ia 4500
005 20251222143216.0
008 251222s9999||||xx |||||||||||||| ||spa||
020 _a968-16-5122-7
082 _a920/M26H
100 _aMartínez, José Luís
245 0 _aHernán Cortés:
264 _bFondo de Cultura Económica
942 _cLIB
999 _c13621
_d13621